000
00299nam a2200109Ia 4500
008
190216s9999||||xx |||||||||||||| ||und||
100
_a
Sharma
245
0
_a
Perspectives In Social And Economic History Of Early India
260
_b
Munshiram Manoharlal Pub Pvt Ltd
650
_a
History
942
_c
BK
999
_c
20206
_d
20206